LEADER 01269nam a2200301 u 4500 001 000000013891 003 CaOOAMICUS 005 20070226105712.0 008 940517s1990 it u000 u ita u 020 $a8821186598 035 $a10330468 040 $aPUL(R)$bita 100 1 $aMancini, Italo,$d1925-1993.$0(OLS)http://pul/name/5319 245 12$aL'ethos dell'Occidente :$bneoclassicismo etico, profezia cristiana, pensiero etico moderno /$cItalo Mancini. 260 $aGenova :$bMarietti,$c1990. 300 $a627 p. ;$c22 cm 490 1 $aCollana di filosofia ;$v40 504 $aContiene bibliografia. 650 4$aFilosofia.$0(OLS)http://pul/subject/362 650 4$aEtica.$0(OLS)http://pul/subject/547 830 0$aCollana di filosofia (Marietti) ;$v40.$0(OLS)http://pul/title/8088 850 $aPUL 852 $aPUL$W1$xSL Filosofia 1$y2$m84 G 49$j19531$nBK-PRI$b $qStampati$B19531$CPULBib$Z2$F19531 $H $81 941 1 $a8 961 $aINV: 62974 996 $6020$a8821186598$9(OLS)http://pul/number/17724 996 $6245$aL'ethos dell'Occidente :$bneoclassicismo etico, profezia cristiana, pensiero etico moderno$9(OLS)http://pul/title/20001 996 $6260$aGenova :$bMarietti$9(OLS)http://pul/publisher/48994 LEADER 01821nam a2200373 a 4500 001 000000173512 003 CaOOAMICUS 005 20200529092228.0 008 200529s2019 it u000 u ita r 020 $a978-88-291-0225-9* 032 $aLibriCat 040 $aPUL$bita 082 $a345.4502 110 1 $aItalia.$0(OLS)http://pul/name/1188 245 10$aCodice rosso : $ble norme a tutela delle vittime di violenze domestiche e discriminazioni di genere dopo la L. 19 luglio 2019, n. 69 / $ca cura di Valerio De Gioia, Gian Ettore Gassani ; con le prefazioni di Maurizio De Giovanni e Adriana Pannitteri. 260 $aPiacenza :$bLa tribuna,$cİ2019. 300 $a430 p. ;$c19 cm 490 1 $aI Codici vigenti 2019 500 $aTesto su due colonne. 650 4$aDonne$xViolenza.$0(OLS)http://pul/subject/45330 700 1 $aPannitteri, Adriana.$0(OLS)http://pul/name/111429 700 1 $aDe Giovanni, Maurizio.$0(OLS)http://pul/name/111430 700 1 $aDe Gioia, Valerio.$0(OLS)http://pul/name/69881 700 1 $aGassani, Gian Ettore.$0(OLS)http://pul/name/98449 830 2$aI Codici vigenti 2019.$0(OLS)http://pul/title/212320 850 $aPUL 852 $aPUL$W1$xSL Diritto e Scienze Sociali 3$y79$m348. 45 COD 3.1.144$j197504$qDDC 21$B202289$CPULBib$Z2$F202289 $H134146 $82 941 1 $a9 960 $aViolenza contro le donne$945330 996 $6020$a978-88-291-0225-9*$9(OLS)http://pul/number/167512 996 $6082$a345.4502$9(OLS)http://pul/classification/2020 996 $6245$aCodice rosso : $ble norme a tutela delle vittime di violenze domestiche e discriminazioni di genere dopo la L. 19 luglio 2019, n. 69 / $9(OLS)http://pul/title/214692 996 $6260$aPiacenza :$bLa tribuna$9(OLS)http://pul/publisher/62750